000 00432nam a2200145Ia 4500
008 090124s9999 xx 000 0 und d
082 _b304125
245 _a तळ्यात...मळ्यात
250 _a1
260 _bराजाध्यक्ष विजया
_c1997
300 _a198
630 _a तळ्यात...मळ्यात
730 _a तळ्यात...मळ्यात
942 _cBOOK
999 _c193764
_d193764